000 02184nkm0a2200409 4500
001 RU\NLR\bibl\2085354
005 20250806203925.0
020 _aRU
_9ЛЕНИНГРАД В ВЕЛИКОЙ ОТЕЧЕСТВЕННОЙ ВОЙНЕ: Печать Ленинграда, 1941 - 1945: листовки,плакаты,открытки,альбомы: карточный каталог изданий, хранящихся в фондах Государственной Публичной библиотеки. - Ленинград, 1972
035 _a(NLR Aleph) 010197027
090 _a76790
_c76790
100 _a20131112d1941 u y0rusy50 ca
101 0 _arus
102 _aRU
105 _ay z |||||
135 _acrcn 024apada
200 1 _aИстребитель гитлеровских разбойников Григорий Исаков
210 _a[Ленинград
_d1941]
215 _a2 с.
_d20х14
325 _aКопия доступна в Электрон. б-ке РНБ http://vivaldi.nlr.ru/ll000074943/view
337 _aЭлектронная копия доступна в Электронной библиотеке РНБ
606 1 _aБлокада Ленинграда
_z1941 - 1944
_jЛистовки
_2nlr_sh1
_2nlr_sh2
_3RU\NLR\AUTH\661253360
686 _aТ3(2)722.721,011
686 _aЦ35(2)722.11(2Р-4Ле-2Ленинград)
702 1 _aИсаков
_bГ. М.
_gГригорий Михайлович
_4070
801 0 _aRU
_bNLR
_c19720101
_gPSBO
801 1 _aRU
_bNLR
_c20131112
_gRCR
852 _aNLR
_bЛ3-330л
_j28/2-27
856 0 _uhttp://vivaldi.nlr.ru/ll000074943/view
856 1 _uhttp://vivaldi.nlr.ru/ll000074943/cover
856 2 _uhttp://vivaldi.nlr.ru/ll000074943/text
942 _cVISUAL
945 _aРоссийская национальная библиотека
980 _aBV
981 2 1 _a(21) Листовки
_b(21) Листовки блокадного Ленинграда
981 3 7 _a(37) Ленинград в Великой Отечественной войне
_b(37) Листовки блокадного Ленинграда